000 00627nam a22001817a 4500
008 130821s1917 fr gr fre
040 _aCo-BoUCM
_bspa
041 0 0 _afre
100 _aGide, André
_d1869-1951
_998834
245 0 3 _aLaporte etroite
_cAndré Gide
260 _aParís (Francia)
_bMercure de France
_c1917
300 _a246 páginas
650 0 4 _aAnécdotas, chistes, sátiras, etc.
_97272
650 0 4 _aNovela francesa
_920506
650 0 4 _aNovela francesa
_vAnécdotas, chistes, sátiras, etc.
_920506
942 _cLIBRO
_a18
_e1
_mG43P
_n0
_2DEWEY
_h808.8023
999 _c87252
_d87252